[Event "Kuala Lumpur Merdeka rapid op"]
[Site "Kuala Lumpur"]
[Date "2019.09.01"]
[Round "2"]
[White "Looi, Ka Loc"]
[Black "Marohom, De Leon Jr"]
[Result "0-1"]
[WhiteElo "1571"]
[BlackElo "2231"]
[PlyCount "78"]
[EventDate "2019.09.01"]
[EventType "swiss (rapid)"]
[EventRounds "7"]
[EventCountry "MAS"]
[SourceTitle "EXT 2020"]
[Source "ChessBase"]
[SourceDate "2019.10.17"]
[SourceVersion "1"]
[SourceVersionDate "2019.10.17"]
[SourceQuality "1"]

1. c4 e5 2. g3 Nc6 3. Nc3 f5 4. Bg2 Nf6 5. e3 d5 6. cxd5 Nb4 7. d3 c6 8. a3 Nbxd5 9. Nge2 Be6 10. 0-0 Bd6 11. Qb3 Qd7 12. Qa4 Nb6 13. Qa5 0-0 14. d4 e4 15. Na4 Nxa4 16. Qxa4 Qf7 17. b4 Bb3 18. Qa5 Bc4 19. Re1 Bb5 20. Nc3 Bc7 21. Nxb5 Bxa5 22. Nd6 Qd7 23. Nc4 Bc7 24. Bb2 Qe6 25. Bf1 Kh8 26. a4 a6 27. Nd2 Nd5 28. b5 axb5 29. axb5 h5 30. Nb3 Bd6 31. Rac1 Ra2 32. Ba1 cxb5 33. Bxb5 f4 34. exf4 Nxf4 35. gxf4 Qg4+ 36. Kf1 Qh3+ 37. Kg1 Bxf4 38. Rc3 Qxh2+ 39. Kf1 Qxf2# 0-1

[Event "Penang op-B 9th"]
[Site "Penang"]
[Date "2017.12.09"]
[Round "9"]
[White "Looi, Ka Loc"]
[Black "Singgih, Diajeng Theresa"]
[Result "1-0"]
[WhiteElo "1640"]
[BlackElo "1897"]
[PlyCount "83"]
[EventDate "2017.12.04"]
[EventType "swiss"]
[EventRounds "9"]
[EventCountry "MAS"]
[SourceTitle "CBM 182 Extra"]
[Source "ChessBase"]
[SourceDate "2018.02.23"]
[SourceVersion "1"]
[SourceVersionDate "2018.02.23"]
[SourceQuality "1"]

1. c4 e5 2. g3 c6 3. Bg2 d5 4. Qa4 Nd7 5. cxd5 Nb6 6. Qe4 Qxd5 7. Nc3 Qe6 8. Nf3 Bd6 9. d3 Nf6 10. Qe3 0-0 11. 0-0 Nfd5 12. Qd2 h6 13. e4 Ne7 14. d4 exd4 15. Nxd4 Qc4 16. Rd1 Rd8 17. Bf1 Qc5 18. Nb3 Qb4 19. Qc2 Be6 20. Nd4 Bg4 21. Rd3 Be5 22. a3 Qc4 23. Rd2 Qc5 24. Nb3 Rxd2 25. Bxd2 Qd6 26. Be3 Bxc3 27. Qxc3 Na4 28. Qb4 Qxb4 29. axb4 b5 30. h3 Bf3 31. Nd2 Bh5 32. b3 Nc3 33. f3 f5 34. Bd4 fxe4 35. Bxc3 e3 36. g4 Bg6 37. Ne4 Nd5 38. Bd4 Re8 39. Re1 Bxe4 40. fxe4 Rxe4 41. Bc5 Nxb4 42. Rxe3 1-0

[Event "Penang op-B 9th"]
[Site "Penang"]
[Date "2017.12.08"]
[Round "7"]
[White "Looi, Ka Loc"]
[Black "Tin, Shan Ze"]
[Result "1-0"]
[WhiteElo "1640"]
[BlackElo "1393"]
[PlyCount "65"]
[EventDate "2017.12.04"]
[EventType "swiss"]
[EventRounds "9"]
[EventCountry "MAS"]
[SourceTitle "CBM 182 Extra"]
[Source "ChessBase"]
[SourceDate "2018.02.23"]
[SourceVersion "1"]
[SourceVersionDate "2018.02.23"]
[SourceQuality "1"]

1. c4 Nf6 2. g3 g6 3. Bg2 d5 4. Nf3 Bg7 5. 0-0 0-0 6. d4 c6 7. Nc3 dxc4 8. Ne5 Be6 9. Bf4 Nd5 10. e3 Nd7 11. Nf3 b5 12. Ng5 Qb6 13. Nxe6 fxe6 14. Qg4 N7f6 15. Qxe6+ Kh8 16. a4 Nxc3 17. bxc3 Nd5 18. Bxd5 cxd5 19. Qxd5 b4 20. Qxc4 bxc3 21. Qxc3 h6 22. Qc7 Qe6 23. Be5 Qf7 24. Bxg7+ Kxg7 25. Qe5+ Kh7 26. Rab1 Rad8 27. Rb7 Rfe8 28. Rxa7 Rd5 29. Qe4 h5 30. Rc1 Kg7 31. Rcc7 Kf8 32. Rxe7 Rxe7 33. Rxe7 1-0